| 000 | 00678nam a2200193Ia 4500 | ||
|---|---|---|---|
| 003 | GCL | ||
| 008 | 140319s9999 xx 000 0 ara d | ||
| 040 |
_aGCL / _cGCL |
||
| 082 | 0 | 4 |
_a832 _bب م |
| 100 | 1 | _aبرتولت بريشت | |
| 245 | 1 | 0 |
_aمسرحيات برشت: -1 الآم شجاعة واولادها -2 الانسان الطيب فى بتسوان / _cبرتولت بريشت |
| 700 | 1 | _aعبدالرحمن بدوى | |
| 300 | _a302 ص | ||
| 490 |
_aالهيئة العامة للاستعلامات _v0 |
||
| 650 | 0 | 4 | _aالادب الالمانى |
| 650 | 0 | 4 | _aالمسرحيات الالمانية |
| 650 | 0 | 4 | _aالمسرح الالمانى |
| 942 |
_2ddc _cBK |
||
| 999 |
_c50001 _d50001 |
||